<?xml version="1.0" encoding="utf-8"?>
<?xml-stylesheet type='text/xsl' href='./oai2.xsl'?>
<OAI-PMH xmlns="http://www.openarchives.org/OAI/2.0/" xmlns:xsi="http://www.w3.org/2001/XMLSchema-instance" xsi:schemaLocation="http://www.openarchives.org/OAI/2.0/ http://www.openarchives.org/OAI/2.0/OAI-PMH.xsd">
  <responseDate>2026-04-30T05:25:51Z</responseDate>
  <request verb="GetRecord" metadataPrefix="marcxml" identifier="record_kuniweb_2528383">https://kulturerbe.niedersachsen.de/oai</request>
  <GetRecord>
    <record>
      <header>
        <identifier>record_kuniweb_2528383</identifier>
        <datestamp>2025-08-28T09:38:22Z</datestamp>
        <setSpec>slg0279</setSpec>
      </header>
      <metadata>
        <marc:record xmlns:marc="http://www.loc.gov/MARC21/slim" xsi:schemaLocation="http://www.loc.gov/MARC21/slim http://www.loc.gov/standards/marcxml/schema/MARC21slim.xsd">
          <marc:leader>12345nkm  22     uu 4500</marc:leader>
          <marc:controlfield tag="001">2528383</marc:controlfield>
          <marc:controlfield tag="003">http://kuniweb.gbv.de</marc:controlfield>
          <marc:controlfield tag="005">2024-11-18T19:05:12</marc:controlfield>
          <marc:controlfield tag="008">|           ||||||||||||||||||||||</marc:controlfield>
          <marc:datafield tag="245" ind1="1" ind2="0">
            <marc:subfield code="a">Musterblatt der Rothehütte mit der Bezeichnung Tafel 12 und den Öfen 141, 142, 145, 147 und 148</marc:subfield>
          </marc:datafield>
          <marc:datafield tag="655" ind1=" " ind2="7">
            <marc:subfield code="a">Grafik</marc:subfield>
          </marc:datafield>
          <marc:datafield tag="046" ind1=" " ind2=" ">
            <marc:subfield code="k">1840</marc:subfield>
            <marc:subfield code="k">zwischen 1840 und 1870, vor der metrischen Reform von 1871</marc:subfield>
            <marc:subfield code="l">1870</marc:subfield>
          </marc:datafield>
          <marc:datafield tag="260" ind1=" " ind2=" ">
            <marc:subfield code="g">1840</marc:subfield>
            <marc:subfield code="g">1870</marc:subfield>
            <marc:subfield code="g">zwischen 1840 und 1870, vor der metrischen Reform von 1871</marc:subfield>
          </marc:datafield>
          <marc:datafield tag="520" ind1=" " ind2=" ">
            <marc:subfield code="a">Die Musterblätter – vier verschiedene Kategorien, genannt Abteilungen (Abt.) - hatten ein Format von etwa DIN A4, waren überwiegend in schwarz-weiß gedruckt und dienten der Präsentation des jeweiligen Objekts zu Verkaufszwecken.
 (Förderkreis Königshütte Bad Lauterberg e.V.)

Aufdruck:
Abt. II Tafel 12 Oefen No 141. ordinärer Unterofen (Backenofen); 47 Zoll lang, 11 Zoll breit, 14 Zoll hoch, Gewicht 260 bis 270 Pfund No 142. Koch-Unterofen mit Backen; 31¼ Zoll lang, 18 Zoll breit, 25 Zoll hoch, Gewicht 350 bis 360 Pfund No 145. ordinäre Unterofen mit Backen; 36 Zoll lang, 14 Zoll breit, 13 Zoll hoch, Gewicht 170 bis 180 Pfund No 147. Koch- und Unterofen mit Backen; 28 Zoll lang, 17¾ Zoll breit, 21 Zoll hoch, Gewicht 290 bis 300 Pfund No 148. Gefängnis-Unterofen; 41 Zoll lang, 18 Zoll breit, 28½ Zoll hoch, Gewicht 350 bis 370 Pfund Sämtliche Öfen auf diesem Blatte werden zu ROTHEHÜTTE gegossen und verkauft, und können als lange und Quer- Hals- und Windöfen geliefert werden (neben den Lithographien befinden sie die Maße zu den Objekten, unter den Lithografien befindet sich ein gezeichneter Maßstab – bis 5 Fuß)

Verwendungszweck:
entspricht einem heutigen Verkaufskatalog

Literatur in Zusammenhang:
Quelle zur Rothehütte: Der eiserne Harz – Harzer Eisenkunstguss des 19. Jahrhunderts, Edition Schloss Wernigerode, Band 14, 2010 - Herausgeber: Christian Juranek und Wilhelm Marbach, Verlag Janos Stekovics, Dößel (Saalekreis) Onlineprinters https://www.onlineprinters.de/magazin/lithographie Einige Ofentypen und Bezeichnungen - Sammeln. Sammler www.sammeln-sammler.de/alte-oefen/ofentypen/</marc:subfield>
          </marc:datafield>
          <marc:datafield tag="650" ind1="1" ind2=" ">
            <marc:subfield code="a">Musterblatt</marc:subfield>
          </marc:datafield>
          <marc:datafield tag="650" ind1="1" ind2=" ">
            <marc:subfield code="a">Ofen</marc:subfield>
          </marc:datafield>
          <marc:datafield tag="650" ind1="1" ind2=" ">
            <marc:subfield code="a">Grafik, Fotografie &gt; Druckgrafik</marc:subfield>
          </marc:datafield>
          <marc:datafield tag="650" ind1="1" ind2=" ">
            <marc:subfield code="a">Handel</marc:subfield>
          </marc:datafield>
          <marc:datafield tag="773" ind1="0" ind2=" ">
            <marc:subfield code="t">Musterblätter - Öfen und Herde</marc:subfield>
          </marc:datafield>
          <marc:datafield tag="852" ind1=" " ind2=" ">
            <marc:subfield code="a">Industriedenkmal Königshütte Bad Lauterberg im Harz</marc:subfield>
          </marc:datafield>
          <marc:datafield tag="852" ind1=" " ind2=" ">
            <marc:subfield code="a">Königshütte (Harz) (Oberharz am Brocken, Harz, Sachsen-Anhalt)</marc:subfield>
          </marc:datafield>
          <marc:datafield tag="" ind1=" " ind2=" ">
            <marc:subfield code="a">Namensnennung - Nicht kommerziell - Keine Bearbeitungen 4.0 International (CC BY-NC-ND 4.0)</marc:subfield>
          </marc:datafield>
        </marc:record>
      </metadata>
    </record>
  </GetRecord>
</OAI-PMH>
